| 000 | 00563nam a2200169Ia 4500 | ||
|---|---|---|---|
| 008 | 220216s9999 xx 000 0 und d | ||
| 100 | _aWeifu Lin | ||
| 245 | 0 | _aProduction and consumption of natural rubber in China at the 21st century | |
| 260 | _bBiotechnology and Rubber Tree : Proceedings of IRRDB Symposium 25-28 September 2001. CIRAD-CP/Rubber Programme, Montpellier, France. pp1-5 | ||
| 650 | _aChina | ||
| 650 | _aConsumption | ||
| 650 | _aNatural rubber | ||
| 650 | _aProduction | ||
| 700 | _aJusheng Jiang | ||
| 700 | _aQiubo Chen | ||
| 942 | _cJS | ||
| 999 |
_c65805 _d65805 |
||